[Event "GER-chT School WK GS"]
[Site "Playchess.com INT"]
[Date "2020.06.18"]
[Round "7.1"]
[White "Schaal, Simon"]
[Black "Ehrath, Hendrik"]
[Result "1-0"]
[WhiteElo "1646"]
[BlackElo "1766"]
[PlyCount "136"]
[EventDate "2020.06.11"]
[EventType "team-swiss (blitz)"]
[EventRounds "7"]
[EventCountry "GER"]
[SourceTitle "EXT 2021"]
[Source "ChessBase"]
[SourceDate "2020.10.23"]
[SourceVersion "1"]
[SourceVersionDate "2020.10.23"]
[SourceQuality "1"]
[WhiteTeam "Rauch BW"]
[BlackTeam "Sennewitz Sah"]
[WhiteTeamCountry "GER"]
[BlackTeamCountry "GER"]

1. d4 d5 2. c4 Nf6 3. Nc3 Be6 4. Bg5 dxc4 5. Nf3 h6 6. Bxf6 exf6 7. e4 Bb4 8. d5 Bg4 9. a3 Bxf3 10. Qxf3 Bxc3+ 11. Qxc3 c6 12. Bxc4 cxd5 13. exd5 0-0 14. Qb3 Re8+ 15. Kf1 b6 16. Bb5 Re5 17. Rd1 Nd7 18. Bc6 Rc8 19. g3 Nc5 20. Qc4 Rxc6 21. dxc6 Qxd1+ 22. Kg2 Qd5+ 23. Qxd5 Rxd5 24. c7 Ne6 25. c8B Rc5 26. Bxe6 fxe6 27. Rd1 Rc2 28. Rd7 Rxb2 29. Rxa7 b5 30. Rb7 Kh7 31. a4 b4 32. a5 Ra2 33. Rb5 Ra4 34. Kf3 b3 35. Rxb3 Rxa5 36. Rb6 e5 37. Ke4 Kg6 38. f3 Ra4+ 39. Ke3 Ra2 40. h4 Rg2 41. g4 h5 42. g5 Kf5 43. gxf6 gxf6 44. Rb8 Rh2 45. Rb4 Rh3 46. Rc4 Kg6 47. Kf2 Rh1 48. Kg3 Rb1 49. Re4 Rd1 50. f4 Rd4 51. Kf3 Rxe4 52. Kxe4 exf4 53. Kxf4 Kf7 54. Kf5 Ke7 55. Kg6 Ke6 56. Kxh5 f5 57. Kg5 Ke5 58. h5 f4 59. h6 f3 60. h7 f2 61. h8Q+ Ke4 62. Qa1 Kf3 63. Qf1 Kg3 64. Kf5 Kf3 65. Ke5 Ke3 66. Kd5 Kf3 67. Kd4 Kg3 68. Ke3 Kg4 1-0